000 01082cam a2200253 4500
001 J111729
008 000000n2001 000 0 eng u
035 _a(Sirsi) u111729
050 _a306.1
110 _aUnited Kingdom
_bDepartment of the Environment, Transport and the Regions
_93507
245 _aPrivate sector housing renewal: reform of the Housing Grants, Construction and Regeneration Act 1996, Local Government and Housing Act 1989 and Housing Act 1985 - a consultation paper.
260 _aLondon
_bDETR
_c2001
300 _a49p. ; 30cm.
520 _aA consultation paper- responses to this paper should be received by the DETR before 29th June 2001. Paper also available on the DCLG website thttp://www.dclg.gov.uk
650 _aHOUSING GREEN PAPER
650 _aPRIVATE SECTOR HOUSING
650 _aHOUSING ACT 1989
650 _aHOUSING ACT 1985
650 _aHOUSING GRANTS CONSTRUCTION AND REGENERATION ACT 1996
650 _aCONSULTATION PAPERS
690 _aHOUSING
856 _uhttps://www.communities.gov.uk/index.asp?id=1165593
942 _n0
999 _c101282
_d101282